[Event "TUR-chT Clubs"]
[Site "Konya"]
[Date "2019.07.17"]
[Round "2.19"]
[White "Yusufoglu, Ferit"]
[Black "Tahaoglu, Erkin"]
[Result "0-1"]
[WhiteElo "1581"]
[BlackElo "1671"]
[PlyCount "154"]
[EventDate "2019.07.16"]
[EventType "team-swiss"]
[EventRounds "9"]
[EventCountry "TUR"]
[SourceTitle "CBM 191 Extra"]
[Source "ChessBase"]
[SourceDate "2019.09.30"]
[SourceVersion "1"]
[SourceVersionDate "2019.09.30"]
[SourceQuality "1"]
[WhiteTeam "Nusaybin Dernegi"]
[BlackTeam "Karaman Onder Durmus"]
[WhiteTeamCountry "TUR"]
[BlackTeamCountry "TUR"]

1. c4 e5 2. Nc3 Nf6 3. g3 Bc5 4. Bg2 0-0 5. e3 Re8 6. Nge2 Nc6 7. 0-0 a6 8. d4 Ba7 9. b3 d6 10. Bb2 Bg4 11. h3 Bh5 12. dxe5 dxe5 13. Bxc6 bxc6 14. Qxd8 Raxd8 15. Rad1 Bf3 16. Rfe1 Bc5 17. Kf1 Nd7 18. Rd2 Nf8 19. Red1 Rxd2 20. Rxd2 f6 21. Ng1 Bh5 22. g4 Bg6 23. Nf3 Ne6 24. Nh4 Bb4 25. Nxg6 hxg6 26. a3 Bxc3 27. Bxc3 g5 28. Ke2 Rd8 29. Rxd8+ Nxd8 30. Kd3 Kf7 31. b4 Ke6 32. a4 Nf7 33. f3 Nd6 34. c5 Nc8 35. Kc4 Ne7 36. e4 Kd7 37. Be1 Ng6 38. Bg3 Nf8 39. Bf2 Ne6 40. Be3 Nd8 41. Bd2 Kc8 42. Be3 Kd7 43. Bf2 Nf7 44. b5 cxb5+ 45. axb5 axb5+ 46. Kxb5 c6+ 47. Kb6 Nh8 48. Ka5 Kc7 49. Kb4 Kb7 50. Ka5 Ng6 51. Bg3 Nf8 52. h4 Ne6 53. Kb4 gxh4 54. Bxh4 Nd4 55. g5 fxg5 56. Bxg5 Nxf3 57. Be3 Ka6 58. Kc4 g5 59. Bf2 Nh4 60. Bg3 Ng6 61. Kb4 Nf4 62. Kc4 Ka5 63. Be1+ Ka4 64. Bc3 Ng6 65. Be1 g4 66. Bg3 Nf4 67. Bh2 Ne2 68. Bxe5 g3 69. Kd3 g2 70. Bh2 g1Q 71. Bxg1 Nxg1 72. e5 Nf3 73. e6 Ne5+ 74. Ke4 Ng6 75. Kf5 Ne7+ 76. Ke5 Kb5 77. Kd6 Nd5 0-1

[Event "TUR-chT Clubs"]
[Site "Konya"]
[Date "2019.07.16"]
[Round "1.17"]
[White "Demir, Ugur"]
[Black "Yusufoglu, Ferit"]
[Result "1-0"]
[WhiteElo "1763"]
[BlackElo "1581"]
[PlyCount "53"]
[EventDate "2019.07.16"]
[EventType "team-swiss"]
[EventRounds "9"]
[EventCountry "TUR"]
[SourceTitle "CBM 191 Extra"]
[Source "ChessBase"]
[SourceDate "2019.09.30"]
[SourceVersion "1"]
[SourceVersionDate "2019.09.30"]
[SourceQuality "1"]
[WhiteTeam "Artvin Il Ozel"]
[BlackTeam "Nusaybin Dernegi"]
[WhiteTeamCountry "TUR"]
[BlackTeamCountry "TUR"]

1. e4 e5 2. Nf3 d6 3. d4 exd4 4. Bc4 Be7 5. Nxd4 Nf6 6. Nc3 a6 7. a4 0-0 8. 0-0 Nxe4 9. Nxe4 d5 10. Bd3 dxe4 11. Bxe4 c5 12. Nf5 Bf6 13. Nd6 Be7 14. Nxc8 Qxc8 15. Re1 Bf6 16. Ra3 g6 17. Rh3 Nd7 18. c3 Re8 19. Bc2 Qc7 20. Be3 Bg7 21. Qf3 Nf6 22. Bb3 Qe5 23. Rf1 Qe4 24. Bd4 Qxf3 25. Rxf3 Nd5 26. Bxg7 Kxg7 27. Bxd5 1-0

[Event "TUR Cup"]
[Site "Antalya"]
[Date "2019.01.31"]
[Round "8"]
[White "Yusufoglu, Ferit"]
[Black "Catak, Ayhan"]
[Result "0-1"]
[WhiteElo "1615"]
[BlackElo "1347"]
[PlyCount "76"]
[EventDate "2019.01.27"]
[EventType "swiss"]
[EventRounds "11"]
[EventCountry "TUR"]
[SourceTitle "CBM 188 Extra"]
[Source "ChessBase"]
[SourceDate "2019.02.28"]
[SourceVersion "1"]
[SourceVersionDate "2019.02.28"]
[SourceQuality "1"]

1. e4 e5 2. Nf3 Nf6 3. Nxe5 d6 4. Nf3 Nxe4 5. Nc3 Nxc3 6. dxc3 Be7 7. Be3 0-0 8. Qd2 Nd7 9. 0-0-0 Nf6 10. Bd3 c5 11. Bc4 Qa5 12. a3 b5 13. Ba2 c4 14. Nd4 Bd7 15. Kb1 d5 16. f3 Rab8 17. g4 Bxa3 18. bxa3 Qxa3 19. Ka1 b4 20. cxb4 c3 21. Qc1 Qxb4 22. Nb3 Rfc8 23. Bxa7 Ra8 24. Bd4 Rxa2+ 25. Kxa2 Ra8+ 26. Kb1 Qa4 27. Qb2 cxb2 28. Kxb2 Qa3+ 29. Kc3 Rc8+ 30. Kd2 Qb4+ 31. Ke3 Rxc2 32. Rb1 Qe7+ 33. Kf4 h6 34. h4 Nh7 35. Kg3 Qd6+ 36. Kh3 Qf4 37. Rbf1 Nf8 38. Bg1 Bxg4+ 0-1